1730 1889 1551 1510 1728 1541 1057 1145 1732 1804 1504 1647 1107 1041 1222 1488 1834 1398 1579 1200 1787 1729 1133 1029 1077 1415 1308 1846 1297 1885 1689 1472 1748 1907 1779 1633 1847 1410 1235 1845 1272 1894 1322 1996 1626 1139 1251 1836 1481 1325 1849 1826 1319 1677 1675 1867 1782 1527 1499 1725 1402 1438 1475 1653 1017 1216 1937 1562 1277 1810 1760 1900 1437 1645 1949 1059 1233 1004 1773 1666 1635 1656 1925 1827 1456 1154 1313 1757 1480 1685 1772 1780 1243 1715 1440 1805 1263 1646 1678 BCNSPRNW ULIB Ver.6.0+V

เปลี่ยนเป็นภาษาไทย

Change to English
 แสดงรายละเอียดบรรณานุกรม
  กลับหน้าหลัก

Brief Record : Get Marc (ISO 2709) : E-mail record : QR code < ปิดหน้าต่าง
LEADER : 00000nam 2200000uu 4500
001    13399122112
003     ULIB
008    121227s2554||||th 000 0 tha d
020    ^a9786167594002
050    ^aPL4167^bค363
110 0  ^aฝ่ายวิชาการสำนักพิมพ์ครีเอทบุ๊คส์
245 10 ^aคำไทยง่ายที่มักใช้ผิด:^bรวมลักษณะนามและหลักเกณ์ การใช้เครื่องหมายต่างๆในภาษาไทย /^cฝ่ายวิชาการสำนักพิมพ์ครีเอทบุ๊คส์
260    ^aกรุงเทพฯ :^bครีเอทบุ๊คส์,^c2554.
300    ^a297 หน้า :^bภาพประกอบ ;^c19 ซม
650  4 ^aภาษาไทย^xการใช้ภาษา
945    ^p120^l0^i033353
945    ^p120^l0^i033354
995    ^aเกษร
999    ^aใช้งานได้ทุกระบบ
รายการนี้ยังไม่มีแท็ก
คุณยังไม่ได้ล็อกอิน คุณสามารถมีกิจกรรมร่วมกับเว็บไซต์ได้ แต่ต้องล็อกอินก่อน ::
  ล็อกอิน

รายการสื่อสารสนเทศ

ลำดับที่ ประเภท เลขเรียก/บาร์โค้ด สถานที่ สถานะ
1. การศึกษาทั่วไป
หนังสือสำรอง
สถานะ=หนังสือสำรอง
PL4167 ค363 ฉ.1 
  Barcode: 033353
ห้องสมุดวิทยาเขตสวรรค์ประชารักษ์
►หนังสือทั่วไป
บนชั้น
2. การศึกษาทั่วไป
การศึกษาทั่วไป
PL4167 ค363 ฉ.2 
  Barcode: 033354
ห้องสมุดวิทยาเขตสวรรค์ประชารักษ์
►หนังสือทั่วไป
บนชั้น

BibComment


ยังไม่เคยถูกคอมเมนท์

คอมเมนท์ทรัพยากรรายการนี้
  คอมเมนท์: คำไทยง่ายที่มักใ..


 Copyright 2026. Bcnsprnw @Library